<?xml version="1.0" encoding="UTF-8"?>
<record
    xmlns:xsi="http://www.w3.org/2001/XMLSchema-instance"
    xsi:schemaLocation="http://www.loc.gov/MARC21/slim http://www.loc.gov/standards/marcxml/schema/MARC21slim.xsd"
    xmlns="http://www.loc.gov/MARC21/slim">

  <leader>01472nam a22002897a 4500</leader>
  <controlfield tag="001">BRCA_9291</controlfield>
  <controlfield tag="003">FranzMayer</controlfield>
  <controlfield tag="005">20230724123615.0</controlfield>
  <controlfield tag="008">230724b        |||||||| |||| 00| 0 eng d</controlfield>
  <datafield tag="040" ind1=" " ind2=" ">
    <subfield code="a">MFM</subfield>
    <subfield code="b">esp</subfield>
    <subfield code="c">MFM</subfield>
  </datafield>
  <datafield tag="050" ind1=" " ind2="4">
    <subfield code="a">CO105</subfield>
    <subfield code="b">B67 1769</subfield>
  </datafield>
  <datafield tag="082" ind1=" " ind2=" ">
    <subfield code="2">BX1251</subfield>
  </datafield>
  <datafield tag="100" ind1="1" ind2=" ">
    <subfield code="4">Autor</subfield>
    <subfield code="a">Bossuet, Jacobo Benigno</subfield>
    <subfield code="9">28948</subfield>
  </datafield>
  <datafield tag="240" ind1="1" ind2=" ">
    <subfield code="a">Elevaciones del alma a Dios, sobre todos los misterios de la religi&#xF3;n christiana, obra importantissima</subfield>
    <subfield code="l">Espa&#xF1;ol</subfield>
  </datafield>
  <datafield tag="245" ind1=" " ind2=" ">
    <subfield code="a">Elevaciones del alma a Dios. sobre todos los misterios de la religi&#xF3;n christiana, obra importatissima</subfield>
  </datafield>
  <datafield tag="260" ind1=" " ind2=" ">
    <subfield code="a">Madrid</subfield>
    <subfield code="b">Andres Ortega</subfield>
    <subfield code="c">1769</subfield>
  </datafield>
  <datafield tag="300" ind1=" " ind2=" ">
    <subfield code="a">371 p</subfield>
    <subfield code="c">21 cm</subfield>
  </datafield>
  <datafield tag="440" ind1=" " ind2=" ">
    <subfield code="a">Elvaciones del alma a Dios, sobre todos los isterios de la relgi&#xF3;n christiana. Obra importantissima</subfield>
    <subfield code="n">Tomo I</subfield>
    <subfield code="p">Vol. I</subfield>
    <subfield code="9">28949</subfield>
  </datafield>
  <datafield tag="500" ind1=" " ind2=" ">
    <subfield code="a">El libro presenta da&#xF1;o por humedad</subfield>
  </datafield>
  <datafield tag="500" ind1=" " ind2=" ">
    <subfield code="a">En la portada y contraportada el libro contiene anotaciones y dibujos hechos con l&#xE1;pices. </subfield>
  </datafield>
  <datafield tag="500" ind1=" " ind2=" ">
    <subfield code="a">El libro presenta dos papeles peque&#xF1;os y sueltos que se encuentran protegidos por una guarda de pl&#xE1;stico transparente.</subfield>
  </datafield>
  <datafield tag="505" ind1="0" ind2=" ">
    <subfield code="a">Texto en: espa&#xF1;olTraducido del: franc&#xE9;sDirigido a: Obispos, pastores, monaguillos, o cualquier persona perteneciente a la iglesia cristiana.</subfield>
  </datafield>
  <datafield tag="650" ind1="1" ind2=" ">
    <subfield code="2">Religi&#xF3;n cristiana</subfield>
    <subfield code="a">Iglesias</subfield>
    <subfield code="v">Liturgias y rituales</subfield>
    <subfield code="9">28950</subfield>
  </datafield>
  <datafield tag="651" ind1="2" ind2=" ">
    <subfield code="2">Biblia cristiana</subfield>
    <subfield code="a">Libros devocionales</subfield>
    <subfield code="v">Oraci&#xF3;n </subfield>
    <subfield code="9">28951</subfield>
  </datafield>
  <datafield tag="700" ind1="1" ind2=" ">
    <subfield code="4">Trad.</subfield>
    <subfield code="a">Joseph Hernandez, Don Miguel</subfield>
    <subfield code="9">28952</subfield>
  </datafield>
  <datafield tag="942" ind1=" " ind2=" ">
    <subfield code="2">lcc</subfield>
    <subfield code="c">B</subfield>
  </datafield>
  <datafield tag="999" ind1=" " ind2=" ">
    <subfield code="c">10911</subfield>
    <subfield code="d">10911</subfield>
  </datafield>
  <datafield tag="952" ind1=" " ind2=" ">
    <subfield code="0">0</subfield>
    <subfield code="1">0</subfield>
    <subfield code="2">lcc</subfield>
    <subfield code="4">0</subfield>
    <subfield code="7">0</subfield>
    <subfield code="8">CFM</subfield>
    <subfield code="a">BRCA</subfield>
    <subfield code="b">BRCA</subfield>
    <subfield code="d">2023-07-24</subfield>
    <subfield code="e">Donaci&#xF3;n</subfield>
    <subfield code="l">0</subfield>
    <subfield code="o">CO105 B67 1769</subfield>
    <subfield code="p">CFM00527</subfield>
    <subfield code="r">2023-07-24 00:00:00</subfield>
    <subfield code="w">2023-07-24</subfield>
    <subfield code="y">B</subfield>
  </datafield>
</record>
